000 00852cab a2200277 4500
001 WB3124-33
008 090401t1995 xxu||||| |||| 00| 0 eng d
035 _a(Sirsi) u9417
041 _aeng
245 _aWoolf report
260 _c1995
350 _a0
490 _aTimes
_v17 June 1995, 5
490 _aDaily Telegraph
_v17 June 1995, 8(3)
520 _aLord Woolf has made an interim report on reform of the civil justice system. Proposals include new powers for judges to manage a case and various routes for cases depending on the value of claims and their complexity.
650 _aALTERNATIVE DISPUTE RESOLUTION
650 _aCIVIL JUSTICE
650 _aCOSTS
650 _aDISCLOSURE OF DOCUMENTS
650 _aLITIGATION
650 _aTIME
650 _aWOOLF REPORT
690 _aLAW
942 _n0
948 _c04/03/1997
999 _c5878
_d5878